Matematika pre 3. ročník špeciálnej základnej školy 2. časť

Bibliographic Details
Main Author: Rýglová, Janka (Author)
Other Authors: Kováčik, Ivan (Illustrator)
Format: Book
Language:Slovak
PhysicalDescription:96 strán ilustrácie 30 cm
Published: Bratislava Slovenské pedagogické nakladateľstvo 2019
ISBN:9788010034949
Edition:Dvadsiate vydanie
Subjects:

MARC

LEADER 00000cam a2200000 4500
001 vtls011875040
003 SK-MaSNL
005 20260301102041.0
008 200507s2019 xo a brp 000 0 slo
015 |a SNBA2019/12 
020 |a 9788010034949  |q (brožované) 
035 |a urn:nbn:sk:snk-am00dx6g 
035 |a urn:nbn:sk:snk-am3i8a0 
035 |a DC9109DA-86EA-4ACA-A248-E93323C4BA25 
040 |a SNK  |b slo  |c SNK  |e rda 
041 0 |a slo 
044 |a xo  |c SK 
072 7 |a 51  |x Matematika  |2 konspekt 
080 |a 51  |2 2011 
080 |a 37.016:511-028.31  |2 2011 
100 1 |a Rýglová, Janka  |4 aut  |9 46633 
245 1 0 |a Matematika  |b pre 3. ročník špeciálnej základnej školy  |n 2. časť  |c autorka Janka Rýglová 
250 |a Dvadsiate vydanie 
264 1 |a Bratislava  |b Slovenské pedagogické nakladateľstvo  |c 2019 
300 |a 96 strán  |b ilustrácie  |c 30 cm 
336 |a text  |b txt  |2 rdacontent 
337 |a bez média  |b n  |2 rdamedia 
338 |a zväzok  |b nc  |2 rdacarrier 
500 |a Názov z obálky 
650 0 7 |a matematika  |2 SNKPH  |9 70174 
650 0 7 |a Mathematics  |2 SNKPHeng  |9 265620 
650 0 7 |a Counting  |2 SNKPHeng  |9 302467 
650 0 7 |a počítanie  |2 SNKPH  |9 4104 
655 7 |a učebnice špeciálnych základných škôl  |2 SNKPH  |9 70204 
700 1 |a Kováčik, Ivan  |4 ill  |9 6562 
710 2 |a Slovenské pedagogické nakladateľstvo - Mladé letá  |4 pbl  |9 211357 
919 |a 978-80-10-03494-9 
999 |c 691024  |d 692954 
952 |a SNK  |b SNK  |y PREZ  |7 0  |p 17A1393723  |o snkSB 94870/2  |i snk2019/30628  |8 0  |0 0  |1 0  |4 0  |d 2019-11-27  |f 1  |l 0  |r 2025-05-15 00:00:00  |w 2026-02-23 
952 |a SNK  |b SNK  |y VYP  |7 0  |p 17A1393724  |o snkSB 94870/2 D1  |i snk2019/30629  |8 0  |0 0  |1 0  |4 0  |d 2019-11-27  |l 0  |r 2026-02-23 20:26:44  |w 2026-02-23